<?xml version="1.0" encoding="UTF-8"?><?xml-stylesheet type="text/xsl" href="static/style.xsl"?><OAI-PMH xmlns="http://www.openarchives.org/OAI/2.0/" xmlns:xsi="http://www.w3.org/2001/XMLSchema-instance" xsi:schemaLocation="http://www.openarchives.org/OAI/2.0/ http://www.openarchives.org/OAI/2.0/OAI-PMH.xsd"><responseDate>2026-06-02T05:18:20Z</responseDate><request verb="GetRecord" identifier="oai:riuma.uma.es:10630/32904" metadataPrefix="marc">https://riuma.uma.es/rest/oai/request</request><GetRecord><record><header><identifier>oai:riuma.uma.es:10630/32904</identifier><datestamp>2026-02-03T11:45:28Z</datestamp><setSpec>com_10630_2254</setSpec><setSpec>col_10630_37956</setSpec></header><metadata><record xmlns="http://www.loc.gov/MARC21/slim" xmlns:dcterms="http://purl.org/dc/terms/" xmlns:doc="http://www.lyncode.com/xoai" xmlns:xsi="http://www.w3.org/2001/XMLSchema-instance" xsi:schemaLocation="http://www.loc.gov/MARC21/slim http://www.loc.gov/standards/marcxml/schema/MARC21slim.xsd">
   <leader>00925njm 22002777a 4500</leader>
   <datafield ind2=" " ind1=" " tag="042">
      <subfield code="a">dc</subfield>
   </datafield>
   <datafield ind2=" " ind1=" " tag="720">
      <subfield code="a">Nestore-Ferrante, Ángelo</subfield>
      <subfield code="e">author</subfield>
   </datafield>
   <datafield ind2=" " ind1=" " tag="260">
      <subfield code="c">2020</subfield>
   </datafield>
   <datafield ind2=" " ind1=" " tag="520">
      <subfield code="a">El objetivo principal de esta investigación es reflexionar en tomo a la influencia de la traducción de la novela gráfica Fun Home y del cómic Dykes to Watch Out For de la autora norteamericana Alison Bechdel tanto en el mercado italiano como en el español, poniendo de relieve el papel de la traducción como acto transformador en las políticas editoriales del cómic. El presente estudio tiene su origen en el fenómeno  global que ha supuesto la acogida de Fun Home de Alison Bechdel y sus traducciones a diecisiete lenguas e intenta establecer un vínculo directo entre la obra traducida  y la producción autóctona de cómics queer y transgresores en el mercado de Italia y España en los años sucesivos a su publicación. &#xd;
Por ende, esta contribución tiene el afán de contestar a la siguiente pregunta:  ¿de qué forma la traducción y la recepción de la obra gráfica de Alison Bechdel ha  influido en la producción editorial de cómics en el mercado:español e italiano? Cabe destacar que el análisis de los resultados obtenidos en los dos países objetos de este estudio indican unas tendencias dispares. Por estas razones, antes de proceder con el estudio de casos, resulta primordial presentar brevemente a la autora y ls obras en los contextos analizados, con el objetivo de brindar un marco sólido para, en un segundo momento, presentar la recepción e influencia directa de la traducción de Dykes to Watch Out For y Fun Home en casos concretos extraídos del mercado editorial en España e Italia. &#xd;
Tras presentar los resultados de dicho análisis se demuestra que el eco de Be­chdel, a través de la penetración de sus obras en la industria editorial española e italiana gracias a las traducciones, ha desempeñado un papel primordial directa e indirectamente en esta evolución.</subfield>
   </datafield>
   <datafield ind1="8" ind2=" " tag="024">
      <subfield code="a">Néstore, Á. (2020). Traducción y recepción (inglés > español-italiano) de Fun Home y Dykes To Watch Out For de Alison Bechdel en D. Caldevilla Domínguez (Ed.), Género e igualdad como señas de identidad modernas (pp. 337-351). Tirant lo Blanch</subfield>
   </datafield>
   <datafield ind1="8" ind2=" " tag="024">
      <subfield code="a">978-84-18534-63-8</subfield>
   </datafield>
   <datafield ind1="8" ind2=" " tag="024">
      <subfield code="a">https://hdl.handle.net/10630/32904</subfield>
   </datafield>
   <datafield tag="653" ind2=" " ind1=" ">
      <subfield code="a">Igualdad de género</subfield>
   </datafield>
   <datafield tag="653" ind2=" " ind1=" ">
      <subfield code="a">Historietas gráficas</subfield>
   </datafield>
   <datafield ind2="0" ind1="0" tag="245">
      <subfield code="a">Traducción y recepción (inglés > español-italiano) de Fun Home y Dykes To Watch Out For de Alison Bechdel</subfield>
   </datafield>
</record>
</metadata></record></GetRecord></OAI-PMH>